000 00421cam a22001097a 4500
008 180718b1963 xxu||||| |||| 00| 0 eng d
082 _aQ5x73 Un3w
245 _aSocial insurance and taxes :Report of the committee on ...
_cby President's Commission On The Status Of Women
260 _aWashington
_bU.S. Government Printing Office
_c1963
300 _avii,81p.
700 _aU.S.A. President's Commission On The Status Of Women
999 _c495493
_d495493